Loading...
| Literature - American | 0 | 3 | 0 | 0 | 30 | 125 | 138.33 | 0 | 3 | 2.57 | 15.00 |
| Literature - World | 1 | 1 | 0 | 0 | 25 | 33 | 90.00 | 1 | 2 | 7.73 | 12.50 |
| Fine Arts - Auditory | 0 | 2 | 0 | 0 | 20 | 120 | 128.00 | 0 | 2 | 0.98 | 7.50 |
| Popular Culture | 0 | 1 | 0 | 1 | 10 | 132 | 132.00 | 0 | 1 | 0.75 | 75.00 |
| History - World | 0 | 1 | 1 | 1 | 5 | 134 | 134.00 | 0 | 1 | 0.07 | 2.27 |
| Religion | 0 | 0 | 0 | 0 | 0 | 0.00 | 0 | 0 | 0.00 | 0.00 | |
| Fine Arts - Visual | 0 | 0 | 0 | 0 | 0 | 0.00 | 0 | 0 | 0.00 | 0.00 | |
| Literature - European | 0 | 0 | 0 | 0 | 0 | 0.00 | 0 | 0 | 0.00 | 0.00 | |
| Literature - British | 0 | 0 | 1 | 0 | -5 | 0.00 | 0 | 0 | 0.00 | 0.00 |